De religiosis institutis y personis: tractatus canonico-moralis ad recentissimas leges exactus
Furkejuvvon:
| Váldodahkki: | |
|---|---|
| Materiálatiipa: | Girji |
| Giella: | láhtengiella |
| Almmustuhtton: |
Brujas
Beyaert
1907
|
| Preanttus: | 1a. ed |
| Fáttát: | |
| Fáddágilkorat: |
Lasit fáddágilkoriid
Eai fáddágilkorat, Lasit vuosttaš fáddágilkora!
|
MARC
| LEADER | 00000cam a2200000 a 4500 | ||
|---|---|---|---|
| 001 | UCD1919 | ||
| 003 | CL-VaPUC | ||
| 008 | 160407e19070000be |||||||||||||||||lat|d | ||
| 082 | 0 | 4 | |a 262.24 |b VER |2 21 |
| 100 | 0 | |a Vermeersch, Arturo |e author |9 585089 | |
| 245 | 1 | 0 | |a De religiosis institutis y personis: tractatus canonico-moralis ad recentissimas leges exactus |
| 250 | |a 1a. ed | ||
| 300 | |a t | ||
| 942 | |c BK | ||
| 945 | |d 20160407 22:06:00 |a dcastane | ||
| 260 | |a Brujas |b Beyaert |c 1907 | ||
| 650 | 7 | |a INSTITUCIONES ECLESIASTICAS |2 CL-VaPUC |9 389428 | |
| 650 | 7 | |a INSTITUCIONES RELIGIOSAS |2 CL-VaPUC |9 337514 | |
| 583 | |a last modification |c 20160407 22:06:00 |k Rodrigo Vera | ||
| 999 | |c 363127 |d 363125 | ||
| 952 | |0 0 |1 0 |3 erd |4 0 |6 262_240000000000000_VER_1907 |7 0 |8 X |9 474929 |a BIBTEO |b BIBTEO |c TEO_FFR |h t.1 |i 5219930 |o 262.24 VER 1907 |p 5219930 |r 2024-01-18 |w 2019-11-24 |y BK_X |z Catalogado en:20160407 |k OFM | ||
| 952 | |0 0 |1 0 |3 erd |4 0 |6 262_240000000000000_VER_1907 |7 0 |8 X |9 474930 |a BIBTEO |b BIBTEO |c TEO_FFR |h t.2 |i 5219949 |o 262.24 VER 1907 |p 5219949 |r 2024-01-18 |w 2019-11-24 |y BK_X |z Catalogado en:20160407 |k OFM | ||